Practical statistics for medical research
Αποθηκεύτηκε σε:
| Κύριος συγγραφέας: | |
|---|---|
| Μορφή: | Βιβλίο |
| Γλώσσα: | English |
| Δημοσίευση: |
Boca Raton, Fla. :
Chapman & Hall/CRC,
1999
|
| Θέματα: | |
| Ετικέτες: |
Προσθήκη ετικέτας
Δεν υπάρχουν, Καταχωρήστε ετικέτα πρώτοι!
|
MARC
| LEADER | 00000nam a2200000 i 4500 | ||
|---|---|---|---|
| 001 | 1/33862 | ||
| 008 | 060829s1999 eng d | ||
| 020 | |a 0-412-27630-5 | ||
| 035 | |l 10085063 | ||
| 040 | |a GR-MY-UA |b gre |e aacr | ||
| 041 | 0 | |a eng | |
| 082 | 0 | |a 610.727 |2 (22) | |
| 100 | 1 | |a Altman, Douglas G. | |
| 245 | 1 | 0 | |a Practical statistics for medical research / |c Douglas G. Altman |
| 260 | |a Boca Raton, Fla. : |b Chapman & Hall/CRC, |c 1999 | ||
| 300 | |a xii, 611 σ.; |b εικ.; |c 25 εκ. | ||
| 500 | |a Originally published: London : Chapman & Hall, 1991. | ||
| 504 | |a Βιβλιογραφία: σ.[575]-588. Ευρετήριο | ||
| 650 | 0 | 0 | |a Medicine |x Research |x Statistical methods. |
| 852 | |a INST |b SAMOS |e 20060829 |h 610.727 ALT |p 005300026461 |q 005300026461 |t BK |y 0 | ||
| 901 | |a BIBL3-2006-2 | ||
| 909 | |a Σ |b 129156 | ||
| 920 | |a ΑΝΑΜΟΡΦΩΣΗ |b ΕΠΕΑΕΚ ΙΙ-ΤΣΑΕ |y ΣΑΜΟΣ |z 2006-07 | ||
| 970 | |a ΚΟΣΙΕΡΗΣ |b ΧΡΗΣΤΟΣ |z 2006/08/29 | ||